Регионална библиотека "Любен Каравелов" - Русе

С. В. Ковалевска (Запис номер 432535)

MARC детайли
000 -Лидер
Контролно поле с фиксирана дължина nam a22 a 4500
003 - Код на организацията, давaща контролен номер
Контролно поле BLK
005 - Дата и час на последна редакция
Контролно поле 20210921154356.0
008 - Елементи от данни с фиксирана дължина
fixed length control field 200316b bul|||||r ||||||| ||bul||
040 ## - Източник на каталожния запис
Идентификатор на билиотеката - собственик на записа BLK
041 ## - Код за език
Код за езика на текст/звукозапис или на отделно заглавие Български
Код за езика КДБФ Български
080 ## - УДК
Текстов определител УДК Руска математичка, писателка и публицистка.
УДК код - определител по УДК 929 Ковалевска, София Василиевна
УДК - код + определител 929 Ковалевска, София Василиевна
100 ## - Редна дума - Автор
Автор Литвинова, Е. Т.
Авторска отговорност първи автор
R(LIN) 1299
139 ## - Редно поле
Редна дума Литвинова, Е. Т.
245 10 - Сведения за заглавието
Заглавие С. В. Ковалевска
Подзаглавни данни Животът и науч. й деятелност : Биогр. очерк
Редно поле (дума) Е. Т. Литвинова; прев. от рус. Ив. Тодоров.
257 ## - Страна на издаване
Страна на създаване/издаване България
260 ## - Област на издателските данни
Място на издаване, разпространение и проч. Варна
Име на издателя, разпространителя и проч. книж. К. Евстатиев
Година на издаване 1898
Печатница Варна : Зора на П. Н. Икономов
9 (RLIN) 216424
300 ## - Физическа характеристика
Страници 144, II с.
Илюстрации и др. с 1 портр.
Размери/Мащаб 20 см
380 ## - Жанр
Жанр История
490 ## - СЕРИИ (Колекции)
Име на серия Биографична библиотека
№: серия N 5
9 (RLIN) 206576
490 ## - СЕРИИ (Колекции)
Име на серия Колекция Редки и ценни издания
9 (RLIN) 435080
600 14 - Име на лице, използвано като предмет
За него / За нея Ковалевска, София Василиевна
9 (RLIN) 223443
700 ## - Други автори (авторска отговорност)
Лично име Тодоров, Ив.
Автороска отговорност (Описва отношението между автора и произведението) прев. от рус.
9 (RLIN) 429250
852 ## - Местоположение
Форматна сигнатура Рб 898
Фондова буква Редки и ценни
856 4# - Електронен адрес и достъп
Електронен формат pdf - файл
Път до файла /url/
856 4# - Електронен адрес и достъп
Електронен формат pdf - файл
Път до файла /url/
999 ## - СИСТЕМНИ КОНТРОЛНИ НОМЕРА
Koha biblionumber 432535
Koha biblioitemnumber 432535
942 ## - АРТИКУЛИ
Вид на библиотечния материал Книги
Скрит в OPAC Не
Периодичен библиозапис Да
944 ## - СЪЗДАВАНЕ И РЕДАКЦИЯ на ЗАПИСА
Създаване/Редакция Създаване
Дата на регистрацията/редакция 2021-09-21
Наличности
Код за отписване Код за изгубен артикул Източник на класификационната схема Код за повреда Коз за рестрикции Код за отдаване Артикулен № Име на библиотеката - собственик Име на библиотеката, в която се намира в момента Статус (Текущо местоположение) Дата на вписване в системата Местоположение - отдел Цена в лева Инвентарен номер Систематично азбучна сигнатура Баркод Цена в евро Служебен тип на артикула
  Не е изгубен Universal Decimal Classification Не е повреден само за читалня Специални фондове ( старопечатни, редки и ценни, фонд М. Арнаудов) 853966 Регионална библиотека "Любен Каравелов" Русе Регионална библиотека "Любен Каравелов" Русе Редки и ценни 2021-09-21 Редки и ценни 0.11 7747 Рб 898 900000077778 0.06 Книги
  Не е изгубен Universal Decimal Classification Не е повреден само за читалня Специални фондове ( старопечатни, редки и ценни, фонд М. Арнаудов) 854040 Регионална библиотека "Любен Каравелов" Русе Регионална библиотека "Любен Каравелов" Русе Редки и ценни 2021-09-21 Редки и ценни 0.29 13521/57 Рб 898 900000058436 0.15 Книги
Vip Innovations Ltd, Rousse, Bulgaria 2025